<?xml version='1.0' encoding='UTF-8'?>
  <record xmlns="http://www.loc.gov/MARC21/slim">
    <leader>00000cam a22000007i 4500</leader>
    <controlfield tag="001">ocn503910677</controlfield>
    <controlfield tag="003">OCoLC</controlfield>
    <controlfield tag="005">20240202180208.2</controlfield>
    <controlfield tag="008">040121s1559    be            000 0 fre d</controlfield>
    <datafield tag="040" ind1=" " ind2=" ">
      <subfield code="a">UKMGB</subfield>
      <subfield code="b">eng</subfield>
      <subfield code="e">rda</subfield>
      <subfield code="e">dcrmr</subfield>
      <subfield code="c">UKMGB</subfield>
      <subfield code="d">OCLCQ</subfield>
      <subfield code="d">QGJ</subfield>
      <subfield code="d">OCLCF</subfield>
      <subfield code="d">QGJ</subfield>
      <subfield code="d">OCLCO</subfield>
      <subfield code="d">OCLCL</subfield>
    </datafield>
    <datafield tag="016" ind1="7" ind2=" ">
      <subfield code="a">003091893</subfield>
      <subfield code="2">Uk</subfield>
    </datafield>
    <datafield tag="035" ind1=" " ind2=" ">
      <subfield code="a">(OCoLC)503910677</subfield>
    </datafield>
    <datafield tag="100" ind1="1" ind2=" ">
      <subfield code="a">Richardot, François,</subfield>
      <subfield code="d">1507-1574,</subfield>
      <subfield code="e">author.</subfield>
      <subfield code="4">aut</subfield>
      <subfield code="1">https://id.oclc.org/worldcat/entity/E39PBJw4Gy6YVJqRwyhJXBXcfq</subfield>
    </datafield>
    <datafield tag="245" ind1="1" ind2="3">
      <subfield code="a">Le sermon funebre, fait devant le roy, par messire Francois Richardot, Evesque de Nicople, &amp; Suffragant d'Arras, Aus obseques &amp; Funerailles du Tresgrand, &amp; Tresvictorieus Empereur Charles Cinquiéme. Celebrées à Bruxelles en la grande Eglise ditte Sainte Gudle. Par lequel est faite, non moins eloquemment, que pieusement &amp; doctement, ample, &amp; vraie deduction des grandes vertus, magnanimitez, hautes entreprinses, faits heroiques, viue foy Catholique, Chrestienne vie, &amp; sainte fin dudit Seigneur Empereur. :</subfield>
      <subfield code="b">Autre sermon funebre fait devant le roy, par icelluy Richardot, aus obseques de la Serenissime Royne Marie Douairiere de Hongrie, Boheme &amp;c. Celebrées audit Bruxelles en la Chappelle du Palais. Encores, un autre sermon, fait par le susdit Richardot, devant monseigneur le Duc de Savoye, Aus Obseques de la Royne Marie d'Angleterre. Celebrées audit Bruxelles en ladite Eglise Sainte Gudle.</subfield>
    </datafield>
    <datafield tag="246" ind1="3" ind2=" ">
      <subfield code="a">Sermon fvnebre, fait devant le roy, par messire Francois Richardot, Euesque de Nicople, &amp; Suffragant d'Arras, Aus obseques &amp; Funerailles du Tresgrand, &amp; Tresuictorieus Empereur Charles Cinquiéme</subfield>
    </datafield>
    <datafield tag="246" ind1="3" ind2=" ">
      <subfield code="a">Trois Sermons Funebres, faits, tant aus Obseques de l'Empereur Charles Cinquiéme son Pere, comme de la Roine Marie Douairiere de Hongrie, &amp; de la Roine Marie d'Angleterre</subfield>
    </datafield>
    <datafield tag="264" ind1=" " ind2="1">
      <subfield code="a">A Anvers, :</subfield>
      <subfield code="b">De l'Imprimerie de Christophle Plantin:,</subfield>
      <subfield code="c">M.D.LIX. [1559]</subfield>
    </datafield>
    <datafield tag="300" ind1=" " ind2=" ">
      <subfield code="a">26 leaves ;</subfield>
      <subfield code="c">29 cm (folio)</subfield>
    </datafield>
    <datafield tag="336" ind1=" " ind2=" ">
      <subfield code="a">text</subfield>
      <subfield code="b">txt</subfield>
      <subfield code="2">rdacontent</subfield>
    </datafield>
    <datafield tag="337" ind1=" " ind2=" ">
      <subfield code="a">unmediated</subfield>
      <subfield code="b">n</subfield>
      <subfield code="2">rdamedia</subfield>
    </datafield>
    <datafield tag="338" ind1=" " ind2=" ">
      <subfield code="a">volume</subfield>
      <subfield code="b">nc</subfield>
      <subfield code="2">rdacarrier</subfield>
    </datafield>
    <datafield tag="340" ind1=" " ind2=" ">
      <subfield code="m">folio</subfield>
      <subfield code="2">rdabf</subfield>
    </datafield>
    <datafield tag="500" ind1=" " ind2=" ">
      <subfield code="a">Signatures: A-E⁴ F⁶.</subfield>
    </datafield>
    <datafield tag="500" ind1=" " ind2=" ">
      <subfield code="a">Initials; tail-piece.</subfield>
    </datafield>
    <datafield tag="500" ind1=" " ind2=" ">
      <subfield code="a">Numerous paging errors: leaves 5-8 numbered 9-12; leaves 9-12 numbered 17-20; leaves 13-16 numbered 25-28; leaves 17-19 numbered 33-35.</subfield>
    </datafield>
    <datafield tag="510" ind1="4" ind2=" ">
      <subfield code="a">Voet, L. Plantin Press, 1555-1589,</subfield>
      <subfield code="c">2143</subfield>
    </datafield>
    <datafield tag="510" ind1="4" ind2=" ">
      <subfield code="a">Cockx-Indestege, E. Belgica typographica,</subfield>
      <subfield code="c">4170</subfield>
    </datafield>
    <datafield tag="510" ind1="4" ind2=" ">
      <subfield code="a">Short-title catalogue of books printed in the Netherlands and Belgium and of Dutch and Flemish books printed in other countries from 1470 to 1600 now in the British Museum,</subfield>
      <subfield code="c">p. 177</subfield>
    </datafield>
    <datafield tag="600" ind1="0" ind2="0">
      <subfield code="a">Charles</subfield>
      <subfield code="b">V,</subfield>
      <subfield code="c">Holy Roman Emperor,</subfield>
      <subfield code="d">1500-1558.</subfield>
    </datafield>
    <datafield tag="600" ind1="0" ind2="0">
      <subfield code="a">Mary</subfield>
      <subfield code="b">I,</subfield>
      <subfield code="c">Queen of England,</subfield>
      <subfield code="d">1516-1558.</subfield>
    </datafield>
    <datafield tag="600" ind1="0" ind2="0">
      <subfield code="a">Maria,</subfield>
      <subfield code="c">Queen, consort of Louis II, King of Bohemia and Hungary,</subfield>
      <subfield code="d">1505-1558.</subfield>
    </datafield>
    <datafield tag="600" ind1="0" ind2="7">
      <subfield code="a">Charles</subfield>
      <subfield code="b">V,</subfield>
      <subfield code="c">Holy Roman Emperor,</subfield>
      <subfield code="d">1500-1558</subfield>
      <subfield code="2">fast</subfield>
      <subfield code="1">https://id.oclc.org/worldcat/entity/E39PBJrrtb7QxXCFgdVBT4dmh3</subfield>
    </datafield>
    <datafield tag="600" ind1="0" ind2="7">
      <subfield code="a">Maria,</subfield>
      <subfield code="c">Queen, consort of Louis II, King of Bohemia and Hungary,</subfield>
      <subfield code="d">1505-1558</subfield>
      <subfield code="2">fast</subfield>
      <subfield code="1">https://id.oclc.org/worldcat/entity/E39PBJyxpMJk6CrthMpKVGFFrq</subfield>
    </datafield>
    <datafield tag="600" ind1="0" ind2="7">
      <subfield code="a">Mary</subfield>
      <subfield code="b">I,</subfield>
      <subfield code="c">Queen of England,</subfield>
      <subfield code="d">1516-1558</subfield>
      <subfield code="2">fast</subfield>
      <subfield code="1">https://id.oclc.org/worldcat/entity/E39PBJqk67mp8dxTMcfYWr6dwC</subfield>
    </datafield>
    <datafield tag="655" ind1=" " ind2="7">
      <subfield code="a">Funeral sermons</subfield>
      <subfield code="2">fast</subfield>
    </datafield>
    <datafield tag="655" ind1=" " ind2="7">
      <subfield code="a">Funeral sermons.</subfield>
      <subfield code="2">lcgft</subfield>
    </datafield>
    <datafield tag="655" ind1=" " ind2="7">
      <subfield code="a">Sermons pour les funérailles.</subfield>
      <subfield code="2">rvmgf</subfield>
    </datafield>
    <datafield tag="700" ind1="0" ind2=" ">
      <subfield code="a">Philip</subfield>
      <subfield code="b">II,</subfield>
      <subfield code="c">King of Spain,</subfield>
      <subfield code="d">1527-1598,</subfield>
      <subfield code="e">censor.</subfield>
      <subfield code="4">cns</subfield>
      <subfield code="1">https://id.oclc.org/worldcat/entity/E39PBJymwPV6K93yqRQbJkyWXd</subfield>
    </datafield>
    <datafield tag="700" ind1="1" ind2=" ">
      <subfield code="a">Plantin, Christophe,</subfield>
      <subfield code="d">approximately 1520-1589,</subfield>
      <subfield code="e">printer.</subfield>
      <subfield code="4">prt</subfield>
      <subfield code="1">https://id.oclc.org/worldcat/entity/E39PBJwhwdjTVmYQVcVrFbhCQq</subfield>
    </datafield>
    <datafield tag="752" ind1=" " ind2=" ">
      <subfield code="a">Belgium</subfield>
      <subfield code="d">Antwerp,</subfield>
      <subfield code="e">publication place.</subfield>
      <subfield code="4">pup</subfield>
    </datafield>
    <datafield tag="758" ind1=" " ind2=" ">
      <subfield code="i">has work:</subfield>
      <subfield code="a">Le sermon funebre, fait devant le Roy ... aus obseques ... du tres grand ... Empereur Charles cinquieme ... Autre sermon funebre fait ... aus obseques de la ... Royne Marie Douairiere de Hongrie, Boheme, etc. ... Encores, un autre sermon ... aus obseques de la Royne Marie d'Angleterre, etc (Text)</subfield>
      <subfield code="1">https://id.oclc.org/worldcat/entity/E39PD3qQ9D6RMFJXdhkcPHbgjy</subfield>
      <subfield code="4">https://id.oclc.org/worldcat/ontology/hasWork</subfield>
    </datafield>
  </record>